Теория экономических информационных систем учебное пособие
Учебное пособие имеет целью ознакомить учащихся с основными понятиями и определениями экономических информационных систем (ЭИС), принципами построения и функционирования ЭИС, моделями данных (реляционной, иерархической, сетевой), методами организации данных в памяти ЭВМ, базами знаний. Учебное пособ...
Zapisane w:
| 1. autor: | |
|---|---|
| Kolejni autorzy: | |
| Format: | Книга |
| Język: | Russian |
| Wydane: |
Самара
ПГУТИ
2018
|
| Dostęp online: | https://e.lanbook.com/book/223229 https://e.lanbook.com/img/cover/book/223229.jpg |
| Etykiety: |
Dodaj etykietę
Nie ma etykietki, Dołącz pierwszą etykiete!
|
| LEADER | 02214nam0a2200265 i 4500 | ||
|---|---|---|---|
| 001 | 223229 | ||
| 003 | RuSpLAN | ||
| 005 | 20221220174152.0 | ||
| 008 | 221220s2018 ru gs 000 0 rus | ||
| 040 | |a RuSpLAN | ||
| 041 | 0 | |a rus | |
| 044 | |a ru | ||
| 080 | |a 002.53 | ||
| 084 | |a 30 |2 rubbk | ||
| 245 | 0 | 0 | |a Теория экономических информационных систем |b учебное пособие |c Кордонская И. Б.,Горожанина Е. И. |
| 260 | |a Самара |b ПГУТИ |c 2018 | ||
| 300 | |a 101 с. | ||
| 504 | |a Библиогр.: доступна в карточке книги, на сайте ЭБС Лань | ||
| 520 | 8 | |a Учебное пособие имеет целью ознакомить учащихся с основными понятиями и определениями экономических информационных систем (ЭИС), принципами построения и функционирования ЭИС, моделями данных (реляционной, иерархической, сетевой), методами организации данных в памяти ЭВМ, базами знаний. Учебное пособие подготовлено на кафедре "Прикладная информатика" ФГБОУ ВО ПГУТИ, предназначено для студентов очной формы обучения специальности 09.03.03 (Прикладная информатика) для изучения дисциплины «Теория экономических информационных систем» и соответствует требованиям государственного стандарта образования. Могут быть полезны студентам смежных специальностей. | |
| 521 | 8 | |a Книга из коллекции ПГУТИ - Информатика | |
| 100 | 1 | |a Кордонская И. Б. | |
| 700 | 1 | |a Горожанина Е. И. | |
| 856 | 4 | |u https://e.lanbook.com/book/223229 | |
| 856 | 4 | 8 | |u https://e.lanbook.com/img/cover/book/223229.jpg |
| 953 | |a https://e.lanbook.com/img/cover/book/223229.jpg | ||